000
00269nam a2200121Ia 4500
008
241002s9999 xx 000 0 und d
082
_a
928.1 SAR
100
_a
Sartre, Jean Paul
245
4
_a
The Words
260
_a
New York:
_c
1966
600
_a
History
942
_c
UC
999
_c
18834
_d
18834